[Event "Wch U18 Girls"]
[Site "Montesilvano"]
[Date "2023.11.22"]
[Round "9"]
[White "Galli, Maria Vittoria"]
[Black "Zubova, Darja"]
[Result "0-1"]
[WhiteElo "1452"]
[BlackElo "1582"]
[PlyCount "70"]
[EventDate "2023.11.13"]
[EventType "swiss"]
[EventRounds "11"]
[EventCountry "ITA"]
[SourceTitle "CB48_2023"]
[SourceDate "2023.11.29"]
[SourceVersion "1"]
[SourceVersionDate "2023.11.29"]
[SourceQuality "1"]

1. e4 c6 2. d4 d5 3. e5 Bf5 4. Nf3 e6 5. Be2 c5 6. c3 Nc6 7. Nbd2 Qb6 8. Nb3 cxd4 9. cxd4 Bb4+ 10. Bd2 Nge7 11. 0-0 Bxd2 12. Qxd2 0-0 13. Nc5 Rfd8 14. Rac1 h6 15. b3 Bg4 16. h3 Bxf3 17. Bxf3 Nf5 18. Bg4 Ncxd4 19. Na4 Qb5 20. Bxf5 Nxf5 21. Rc7 b6 22. Rfc1 d4 23. g4 Nh4 24. Qf4 Rf8 25. Kh1 Qd5+ 26. f3 Nxf3 27. R7c2 Nxe5+ 28. Kh2 Nd3 29. Qd2 Nxc1 30. Rxc1 Qe5+ 31. Kg2 Qe4+ 32. Kh2 Rac8 33. Re1 Rc2 34. Rxe4 Rxd2+ 35. Kg3 Rd8 0-1

[Event "Wch U18 Girls"]
[Site "Montesilvano"]
[Date "2023.11.21"]
[Round "8"]
[White "Galli, Maria Vittoria"]
[Black "Hyatt, Jessica"]
[Result "0-1"]
[WhiteElo "1452"]
[BlackElo "1818"]
[PlyCount "92"]
[EventDate "2023.11.13"]
[EventType "swiss"]
[EventRounds "11"]
[EventCountry "ITA"]
[SourceTitle "CB48_2023"]
[SourceDate "2023.11.29"]
[SourceVersion "1"]
[SourceVersionDate "2023.11.29"]
[SourceQuality "1"]

1. e4 e6 2. d4 d5 3. e5 c5 4. c3 Nc6 5. Nf3 Qb6 6. Bd3 Bd7 7. Bc2 cxd4 8. cxd4 Nb4 9. Ba4 Qa6 10. Bc2 Bb5 11. Nc3 Rc8 12. a3 Nxc2+ 13. Qxc2 Bb4 14. Bd2 Ne7 15. Rc1 Bd3 16. Qd1 Bxc3 17. Bxc3 0-0 18. Nd2 f6 19. Nb3 b6 20. f3 Nc6 21. Kf2 fxe5 22. dxe5 Rfd8 23. Bd4 Rc7 24. Qd2 Rdc8 25. Rc3 Bc4 26. Nc1 Nxd4 27. Qxd4 Bb5 28. Na2 Rc4 29. Qd2 d4 30. Rxc4 Rxc4 31. b3 Rc8 32. a4 Bd3 33. Rc1 Rd8 34. Rd1 Bg6 35. Qf4 d3 36. Nb4 Qc8 37. Qc4 Qd7 38. Qc3 Rc8 39. Qd2 Qd4+ 40. Kf1 Rc3 41. Rc1 Rxc1+ 42. Qxc1 Qxb4 43. Qc8+ Kf7 44. Qd7+ Qe7 45. Qd4 Qc7 46. Qc4 Qxe5 0-1

[Event "Wch U18 Girls"]
[Site "Montesilvano"]
[Date "2023.11.14"]
[Round "2"]
[White "Galli, Maria Vittoria"]
[Black "Menon, Gauri"]
[Result "1/2-1/2"]
[WhiteElo "1452"]
[BlackElo "1821"]
[PlyCount "73"]
[EventDate "2023.11.13"]
[EventType "swiss"]
[EventRounds "11"]
[EventCountry "ITA"]
[SourceTitle "CB48_2023"]
[SourceDate "2023.11.29"]
[SourceVersion "1"]
[SourceVersionDate "2023.11.29"]
[SourceQuality "1"]

1. e4 e5 2. Nf3 Nc6 3. Bb5 a6 4. Ba4 Nf6 5. 0-0 Be7 6. Nc3 b5 7. Bb3 0-0 8. Re1 d6 9. h3 Na5 10. d4 Nxb3 11. axb3 exd4 12. Nxd4 Bb7 13. Nf5 Re8 14. Nd5 Nxd5 15. exd5 Bf6 16. c4 Qd7 17. Ne3 c6 18. dxc6 Qxc6 19. Nd5 Rxe1+ 20. Qxe1 Re8 21. Qd1 bxc4 22. bxc4 Re4 23. Nxf6+ gxf6 24. Qd5 Re1+ 25. Kh2 Qc7 26. Qd4 Re4 27. Qxf6 Re6 28. Qf4 Rg6 29. f3 Qb6 30. Qe3 Qb4 31. Qc3 Qxc3 32. bxc3 Re6 33. Bf4 Re2 34. Kg3 Rc2 35. Bxd6 Rxc3 36. c5 Rc2 37. Rb1 1/2-1/2

[Event "Wch U18 Girls"]
[Site "Montesilvano"]
[Date "2023.11.13"]
[Round "1"]
[White "Nguyen, Hong Nhung"]
[Black "Galli, Maria Vittoria"]
[Result "1-0"]
[WhiteElo "1975"]
[BlackElo "1452"]
[PlyCount "43"]
[EventDate "2023.11.13"]
[EventType "swiss"]
[EventRounds "11"]
[EventCountry "ITA"]
[SourceTitle "CB48_2023"]
[SourceDate "2023.11.29"]
[SourceVersion "1"]
[SourceVersionDate "2023.11.29"]
[SourceQuality "1"]

1. e4 e5 2. Nf3 Nc6 3. d4 exd4 4. Nxd4 Bc5 5. Be3 Qf6 6. c3 Nge7 7. Bc4 d6 8. 0-0 0-0 9. Nxc6 Nxc6 10. Bxc5 dxc5 11. f4 Be6 12. Na3 Bxc4 13. Nxc4 b5 14. Ne3 Qd6 15. Qf3 Rad8 16. Rad1 Qe6 17. Nd5 a6 18. Qe3 Ne7 19. f5 Nxd5 20. fxe6 Nxe3 21. exf7+ Kh8 22. Rxd8 1-0

[Event "ITA-ch U20"]
[Site "Tarvisio"]
[Date "2023.07.07"]
[Round "7"]
[White "Bassani, Vera Maria"]
[Black "Galli, Maria Vittoria"]
[Result "0-1"]
[WhiteElo "1208"]
[BlackElo "1465"]
[PlyCount "96"]
[EventDate "2023.07.02"]
[EventType "swiss"]
[EventRounds "9"]
[EventCountry "ITA"]
[SourceTitle "EXT 2024"]
[Source "ChessBase"]
[SourceDate "2023.10.10"]
[SourceVersion "1"]
[SourceVersionDate "2023.10.10"]
[SourceQuality "1"]

1. e4 e5 2. Nf3 Nc6 3. d3 Nf6 4. g3 Bc5 5. Bg2 0-0 6. 0-0 d5 7. exd5 Nxd5 8. c4 Ndb4 9. Ne1 Bf5 10. Be3 Be7 11. Bxc6 Nxc6 12. a3 Qd7 13. Kh1 Rad8 14. Nc3 Bxd3 15. Nxd3 Qxd3 16. Qxd3 Rxd3 17. Nb5 Rd7 18. Nxa7 Nxa7 19. Bxa7 b6 20. Rfd1 Rxd1+ 21. Rxd1 Ra8 22. Rd7 Bd6 23. Bxb6 Bxa3 24. bxa3 cxb6 25. Rb7 g6 26. Rxb6 Rxa3 27. Kg2 Rc3 28. Rb4 Kg7 29. Kf1 Kf6 30. Ke2 Rc2+ 31. Ke3 Kf5 32. h3 h5 33. f3 Rc3+ 34. Ke2 e4 35. Rb5+ Ke6 36. Rb6+ Ke5 37. f4+ Kd4 38. Rd6+ Kxc4 39. Rc6+ Kd4 40. Rxc3 Kxc3 41. Ke3 f5 42. h4 Kc4 43. Kd2 Kc5 44. Kc3 Kd5 45. Kd2 Kd4 46. Ke2 e3 47. Kd1 Kd3 48. Ke1 e2 0-1

[Event "ITA-ch U20"]
[Site "Tarvisio"]
[Date "2023.07.05"]
[Round "4"]
[White "Galli, Maria Vittoria"]
[Black "Orru`, Giulia"]
[Result "1/2-1/2"]
[WhiteElo "1465"]
[BlackElo "1343"]
[PlyCount "129"]
[EventDate "2023.07.02"]
[EventType "swiss"]
[EventRounds "9"]
[EventCountry "ITA"]
[SourceTitle "EXT 2024"]
[Source "ChessBase"]
[SourceDate "2023.10.10"]
[SourceVersion "1"]
[SourceVersionDate "2023.10.10"]
[SourceQuality "1"]

1. e4 Nf6 2. e5 Nd5 3. c4 Nb6 4. d4 d6 5. f4 dxe5 6. fxe5 c5 7. Nf3 Bg4 8. d5 N8d7 9. Bf4 g6 10. Nbd2 Bg7 11. Qb3 0-0 12. Qe3 e6 13. d6 f6 14. h3 Bxf3 15. Nxf3 fxe5 16. Nxe5 Qf6 17. Nxd7 Nxd7 18. g3 Qxb2 19. Rc1 Rae8 20. Qe2 Qf6 21. Bg2 e5 22. Bd5+ Kh8 23. Be3 Qxd6 24. Bxb7 Qb6 25. Bd5 Nf6 26. Bg2 e4 27. Rf1 Nd7 28. Rxf8+ Bxf8 29. Qg4 Qc6 30. Rd1 Nf6 31. Qf4 Nh5 32. Qg4 Qc7 33. Bxe4 Qxg3+ 34. Qxg3 Nxg3 35. Bd3 Nf5 36. Bxf5 gxf5 37. Kf2 Kg7 38. Rd7+ Re7 39. Rd5 Kf6 40. Bxc5 Rf7 41. Bd4+ Kg6 42. Ra5 Rd7 43. Ra6+ Kg5 44. Bxa7 Rxa7 45. Rxa7 Bc5+ 46. Kf3 Bxa7 47. a3 f4 48. Ke4 Bb8 49. a4 Kh4 50. Kf3 Kxh3 51. a5 Kh4 52. c5 Kg5 53. c6 h5 54. a6 h4 55. c7 Bxc7 56. a7 h3 57. a8Q h2 58. Kg2 f3+ 59. Qxf3 Bf4 60. Qd5+ Kg4 61. Qe6+ Kg5 62. Qh3 Kf6 63. Qf3 Kg5 64. Kh3 Be5 65. Kg2 1/2-1/2

[Event "Wch U12 Girls"]
[Site "Pocos de Caldas"]
[Date "2017.08.22"]
[Round "1"]
[White "Galli, Maria Vittoria"]
[Black "Wang, Xuwen"]
[Result "0-1"]
[WhiteElo "1232"]
[BlackElo "1619"]
[PlyCount "100"]
[EventDate "2017.08.22"]
[EventType "swiss"]
[EventRounds "11"]
[EventCountry "BRA"]
[SourceTitle "CBM 180 Extra"]
[Source "ChessBase"]
[SourceDate "2017.10.06"]
[SourceVersion "1"]
[SourceVersionDate "2017.10.06"]
[SourceQuality "1"]

1. e4 c5 2. Nf3 d6 3. Nc3 Nf6 4. Bc4 Nc6 5. d3 g6 6. Bf4 Bg7 7. h3 0-0 8. Qd2 a6 9. a3 b5 10. Bb3 e6 11. 0-0 d5 12. exd5 exd5 13. Rfe1 Be6 14. Ng5 Re8 15. Ba2 Qb6 16. Nxe6 fxe6 17. Rxe6 Rxe6 18. Bxd5 Nxd5 19. Nxd5 Qb7 20. Nc7 Rae8 21. Nxe8 Rxe8 22. Rb1 Nd4 23. Be3 Qd5 24. b3 Nf5 25. c4 Qc6 26. Re1 Nxe3 27. fxe3 Rf8 28. d4 cxd4 29. exd4 bxc4 30. Qc2 Qd5 31. Qxc4 Bxd4+ 32. Kh1 Qxc4 33. bxc4 Rc8 34. Rc1 Bb2 35. Rc2 Bxa3 36. Kg1 Bb4 37. Kf1 a5 38. Ke2 Kf7 39. Kd3 Ke6 40. Kd4 Rd8+ 41. Ke4 Kd6 42. Kf4 Kc5 43. Kg5 a4 44. h4 a3 45. h5 gxh5 46. Kxh5 Rd2 47. Rc1 a2 48. Ra1 Bc3 49. Rxa2 Rxa2 50. g4 Rg2 0-1